Tìm hiểu đặc điểm của gió mùa Tây Nam ở Đăk Lăk. Ảnh hưởng của nó đối với khí hậu, thời tiết và sản xuất nông nghiệp của tỉnh
Tìm hiểu cơ chế, tần suất, hướng gió thịnh hành và tốc độ gió TN ở tỉnh Đăk Lawk. Tìm hiểu tác động của gió TN đới với khí hậu, thời tiết và quá trình sinh trưởng của cây trồng vật nuôi tỉnh. Đề xuất một số giải pháp nhằm khai thác nững thuận lợi, khắc phục những tác động tiêu cực của gió TN đối với...
Đã lưu trong:
| Tác giả chính: | |
|---|---|
| Tác giả khác: | |
| Định dạng: | Sách |
| Ngôn ngữ: | Vietnamese |
| Được phát hành: |
Đà Nẵng
Đại học Sư phạm, Đại học Đà Nẵng
2013
|
| Những chủ đề: | |
| Các nhãn: |
Thêm thẻ
Không có thẻ, Là người đầu tiên thẻ bản ghi này!
|
| Thư viện lưu trữ: | Mạng thư viện Đại học Đà Nẵng |
|---|
| LEADER | 02097nam a2200385 4500 | ||
|---|---|---|---|
| 001 | 000018834 | ||
| 003 | 15269 | ||
| 005 | 20140115100146.0 | ||
| 008 | 140110s2013 viesd | ||
| 041 | |a vie | ||
| 082 | 1 | 4 | |a 551.5184 |b ĐÔ-L |
| 100 | 1 | |a Đỗ Tiến Lộc | |
| 245 | 1 | 0 | |a Tìm hiểu đặc điểm của gió mùa Tây Nam ở Đăk Lăk. Ảnh hưởng của nó đối với khí hậu, thời tiết và sản xuất nông nghiệp của tỉnh |c Đỗ Tiến Lộc ; Đậu Thị Hòa hướng dẫn |k Khóa luận tốt nghiệp |
| 260 | |a Đà Nẵng |b Đại học Sư phạm, Đại học Đà Nẵng |c 2013 | ||
| 300 | |a 56 tr. |b Hình mh. |c 29 cm. | ||
| 500 | |a Khóa luận tốt nghiệp đại học. Chuyên ngành: Sư phạm Địa lý | ||
| 520 | |a Tìm hiểu cơ chế, tần suất, hướng gió thịnh hành và tốc độ gió TN ở tỉnh Đăk Lawk. Tìm hiểu tác động của gió TN đới với khí hậu, thời tiết và quá trình sinh trưởng của cây trồng vật nuôi tỉnh. Đề xuất một số giải pháp nhằm khai thác nững thuận lợi, khắc phục những tác động tiêu cực của gió TN đối với sx nông nghiệp | ||
| 650 | 0 | 4 | |a Gió mùa Tây Nam |v Khóa luận tốt nghiệp |x Đặc điểm |z Đăk Lăk |
| 650 | 0 | 4 | |a Gió mùa Tây Nam |v Khóa luận tốt nghiệp |x Ảnh hưởng |z Đăk Lăk |
| 653 | |a Gió mùa Tây Nam | ||
| 653 | |a Khoa Địa lý | ||
| 653 | |a Khí hậu | ||
| 653 | |a Thời tiết | ||
| 653 | |a Sản xuất nông nghiệp | ||
| 700 | 1 | |a Đậu Thị Hòa |c PGS.TS |e Hướng dẫn | |
| OWN | |a LSP | ||
| AVA | |a UDN50 |b LSP |d 551.5184 ĐÔ-L |e available |t Error 5001 Not defined in file expand_doc_bib_avail. |f 1 |g 0 |h N |i 0 |k 1 | ||
| 999 | |a From the UDN01 | ||
| AVA | |a UDN50 |b LSP |d 551.5184 ĐÔ-L |e available |t Error 5001 Not defined in file expand_doc_bib_avail. |f 1 |g 0 |h N |i 0 |k 1 | ||
| TYP | |a Monograph | ||
| TYP | |a Printed language | ||
| 980 | |a Mạng thư viện Đại học Đà Nẵng | ||